| 000 | 00695nam a2200181Ia 4500 | ||
|---|---|---|---|
| 003 | GCL | ||
| 008 | 140319s9999 xx 000 0 ara d | ||
| 040 |
_aGCL / _cGCL |
||
| 082 | 0 | 4 |
_a810.9 _bع خ |
| 100 | 1 | _aعبدالعزيز حمودة | |
| 245 | 1 | 0 |
_aالخروج من التيه ( عالم المعرفة 298 ) : _bدراسة فى سلطة النص / _cعبدالعزيز حمودة |
| 260 |
_aالكويت : _bالمجلس الوطنى للثقافة والفنون والاداب ، _c2003 |
||
| 300 |
_a381 ص ؛ _c20 سم |
||
| 490 |
_aعالم المعرفة _v298 |
||
| 650 | 0 | 4 | _aالادب العربى |
| 650 | 0 | 4 | _aالادب العربى - تاريخ ونقد |
| 942 |
_2ddc _cBK |
||
| 999 |
_c6788 _d6788 |
||